|
|
|
|
| LEADER |
00831nam a22001937a 4500 |
| 008 |
150406b xxu||||| |||| 00| 0 eng d |
| 999 |
|
|
|c 10655
|d 10655
|
| 020 |
|
|
|a 9788176388580
|
| 082 |
|
|
|a 523.1
|b GOP
|
| 100 |
|
|
|a ഗോപിമണി, ആര്.
|
| 240 |
|
|
|a Utharadunika shastram
|
| 245 |
|
|
|a ഉത്തരാധുനിക ശാസ്ത്രം /
|c ആര്. ഗോപിമണി
|
| 250 |
|
|
|a 1st ed.
|
| 260 |
|
|
|a തിരുവനന്തപുരം :
|b കേരള ഭാഷാ ഇന്സ്റ്റിറ്റ്യൂട്ട്,
|c 2014.
|
| 300 |
|
|
|a 162p.
|
| 650 |
|
|
|a Science
|
| 700 |
|
|
|a Gopimani, R.
|
| 942 |
|
|
|2 ddc
|c BK
|
| 952 |
|
|
|0 0
|1 0
|2 ddc
|4 0
|6 523_100000000000000_GOP
|7 0
|9 15125
|a MAIN
|b MAIN
|d 2015-04-06
|e Kerala Basha Institute
|g 90.00
|l 3
|o 523.1 GOP
|p 15201
|r 2016-11-17
|s 2016-11-16
|t 1
|w 2015-04-06
|y BK
|